Nursing Practice in the Community / (Record no. 20217)
[ view plain ]
| 000 -LEADER | |
|---|---|
| fixed length control field | 00701nam a2200289 a 4500 |
| 005 - DATE AND TIME OF LATEST TRANSACTION | |
| control field | 20140310183214.0 |
| 008 - FIXED-LENGTH DATA ELEMENTS--GENERAL INFORMATION | |
| fixed length control field | 030421s19uu xx 00 eng d |
| 050 ## - LIBRARY OF CONGRESS CALL NUMBER | |
| Classification number | RT 41 |
| Item number | .N937 2005 |
| 245 ## - TITLE STATEMENT | |
| Title | Nursing Practice in the Community / |
| Statement of responsibility, etc | Araceli S. Maglaya, editor. |
| 260 ## - PUBLICATION, DISTRIBUTION, ETC. (IMPRINT) | |
| Place of publication, distribution, etc | Marikina City : |
| Name of publisher, distributor, etc | Argonauta Corporation, |
| Date of publication, distribution, etc | 2005. |
| 300 ## - PHYSICAL DESCRIPTION | |
| Extent | 450 p. ; |
| Dimensions | 25 cm. |
| 521 ## - TARGET AUDIENCE NOTE | |
| Target audience note | |
| 650 ## - SUBJECT ADDED ENTRY--TOPICAL TERM | |
| Topical term or geographic name as entry element | Nursing community. |
| 942 ## - ADDED ENTRY ELEMENTS (KOHA) | |
| Koha item type | Books |
| Source of classification or shelving scheme | Library of Congress Classification |
| Call number prefix | Local |
| Withdrawn status | Lost status | Source of classification or shelving scheme | Damaged status | Home library | Current library | Shelving location | Date acquired | Source of acquisition | Total Checkouts | Full call number | Barcode | Date last seen | Date checked out | Copy number | Price effective from | Koha item type | Total Renewals |
|---|---|---|---|---|---|---|---|---|---|---|---|---|---|---|---|---|---|
| Library of Congress Classification | Archives | Archives | 12/13/2013 | Donation | 2 | RT 41 .N937 2005 | C7361 | 05/15/2018 | 07/03/2015 | 1 | 12/13/2013 | Books | |||||
| Library of Congress Classification | Archives | Archives | 12/13/2013 | Donation | 2 | RT 41 .N937 2005 | C6001 | 05/15/2018 | 08/12/2015 | 2 | 12/13/2013 | Books | 2 | ||||
| Library of Congress Classification | Archives | Archives | 12/13/2013 | Donation | 1 | RT 41 .N937 2005 | C6565 | 05/15/2018 | 06/18/2015 | 3 | 12/13/2013 | Books | |||||
| Library of Congress Classification | Archives | Archives | 12/13/2013 | Donation | 2 | RT 41 .N937 2005 | C6004 | 05/15/2018 | 06/27/2016 | 4 | 12/13/2013 | Books | 15 | ||||
| Library of Congress Classification | Archives | Archives | 12/13/2013 | Donation | 3 | RT 41 .N937 2005 | C7359 | 05/15/2018 | 06/27/2016 | 5 | 12/13/2013 | Books | 18 | ||||
| Library of Congress Classification | Archives | Archives | 12/13/2013 | Donation | 1 | RT 41 .N937 2005 | C6003 | 05/15/2018 | 07/11/2017 | 6 | 12/13/2013 | Books | 3 | ||||
| Library of Congress Classification | Archives | Archives | 12/13/2013 | Donation | 5 | RT 41 .N937 2005 | C7362 | 05/15/2018 | 06/27/2016 | 7 | 12/13/2013 | Books | 19 | ||||
| Library of Congress Classification | Archives | Archives | 12/13/2013 | Donation | 2 | RT 41 .N937 2005 | C7358 | 05/15/2018 | 07/05/2016 | 8 | 12/13/2013 | Books | |||||
| Library of Congress Classification | Archives | Archives | 12/13/2013 | Donation | 1 | RT 41 .N937 2005 | C6000 | 05/15/2018 | 07/28/2016 | 9 | 12/13/2013 | Books | |||||
| Library of Congress Classification | Archives | Archives | 01/07/2014 | Donation | 2 | RT 41 .N937 2005 | C6002 | 05/15/2018 | 07/11/2017 | 12 | 01/07/2014 | Books | 21 | ||||
| Library of Congress Classification | College Library | College Library | General Circulation Section | 12/13/2013 | 5 | RT 41 .N937 2005 | C7360 | 08/19/2019 | 08/15/2019 | 10 | 12/13/2013 | Books | 13 | ||||
| Library of Congress Classification | College Library | College Library | General Circulation Section | 12/13/2013 | 7 | RT 41 .N937 2005 | C7357 | 11/04/2019 | 09/10/2019 | 11 | 12/13/2013 | Books | 34 |